Compter de 1 à 20 en chiffres romains - Statistiques

Statistiques générales
  • Ce quiz a été pris 220 fois
  • Le résultat moyen est 15 sur 20
Statistiques - réponses
Hint Réponse % Correct
1 I
100%
2 II
99%
3 III
99%
4 IV
99%
5 V
99%
6 VI
99%
7 VII
97%
8 VIII
97%
10 X
92%
9 IX
90%
11 XI
84%
12 XII
80%
13 XIII
80%
14 XIV
50%
15 XV
50%
16 XVI
41%
17 XVII
35%
18 XVIII
35%
20 XX
26%
19 XIX
19%
Aucun quiz correspondant
Distribution des résultats
% des personnes avec chaque résultat
Percentile par nombre de réponses
Votre historique - résultats
Vous n’avez pas pris ce quiz